Semiconductor device modeling with SPICE /
Guardado en:
| Otros Autores: | , |
|---|---|
| Formato: | Libro |
| Idioma: | English |
| Publicado: |
New York :
McGraw-Hill,
1988.
|
| Materias: | |
| Etiquetas: |
Agregar Etiqueta
Sin Etiquetas, Sea el primero en etiquetar este registro!
|
| LEADER | 00634nam a22001935a 4500 | ||
|---|---|---|---|
| 001 | EUN.um000164 | ||
| 003 | AR-BaUNS | ||
| 005 | 20050623122848.0 | ||
| 008 | 041125s1988####xxua##########000#0#eng#d | ||
| 245 | 0 | 0 | |a Semiconductor device modeling with SPICE / |c Paolo Antognetti, Giuseppe Massobrio. |
| 260 | |a New York : |b McGraw-Hill, |c 1988. | ||
| 300 | |a 389 p. : |b il. ; |c 22,5 cm. | ||
| 020 | |a 0070021538 | ||
| 700 | 1 | |a Antognetti, Paolo |e edición. | |
| 700 | 1 | |a Massobrio, Giuseppe. | |
| 082 | 0 | 4 | |a 621.38153 |
| 653 | |a Semiconductores | ||
| 653 | |a Industria de las computadoras | ||
| 859 | |a Ar-BaUNS |b BIB. CENTRAL - Sector A |h 621.38153 |i An88 |p 101998/992 | ||
